[Event "74th ARM-ch Women 2019"]
[Site "Yerevan"]
[Date "2019.01.15"]
[Round "4"]
[White "Gevorgyan, Maria"]
[Black "Ghukasyan, Siranush"]
[Result "1/2-1/2"]
[WhiteElo "2228"]
[BlackElo "2226"]
[Annotator "TA"]
[PlyCount "93"]
[EventDate "2019.01.12"]
[EventType "tourn"]
[EventCountry "ARM"]
[SourceTitle "playchess.com"]
[Source "ChessBase"]
[SourceQuality "1"]

{[%evp 22,93,17,19,31,39,28,30,54,30,52,30,31,12,12,14,23,14,23,15,21,18,31,21,24,8,14,7,66,8,9,0,11,11,11,11,10,-60,0,-41,12,5,22,0,0,0,0,0,0,-8,0,0,0,0,0,0,0,0,9,11,45,41,56,0,0,0,0,0,0,0,0,0,0,0]} 1. e4 e5 2. Nf3 Nc6 3. d4 exd4 4. Nxd4 Nf6 {[%cal Bg8f6,Bf6d5,Bd5b6][%mdl 32]} 5. Nxc6 bxc6 6. e5 Qe7 7. Qe2 Nd5 8. h4 d6 {C45: Scotch Game} (8... Qe6 9. g3 Nb4 10. c4 Ba6 11. Bf4 d5 12. a3 Bxc4 13. Qd1 Bxf1 14. Kxf1 Na6 15. Nc3 Nc5 16. b4 {1-0 (32) Tomczak,J (2614)-Kramnik,V (2779) Batumi 2018}) 9. c4 Nb6 10. exd6 Qxe2+ 11. Bxe2 cxd6 12. Nc3 {LiveBook: 6 Games} Be7 13. Bf3 Bd7 $146 ({Predecessor:} 13... Bb7 14. b3 O-O-O 15. Bb2 c5 16. Bxb7+ Kxb7 {½-½ (39) Perunovic,M (2607)-Zajic,M (2479) Ruma 2017}) 14. b3 O-O-O 15. Bb2 Kc7 16. O-O-O Bf6 17. Ne4 Bxb2+ 18. Kxb2 Be6 19. Rhe1 h6 20. Kc3 Rhe8 21. Re2 Bf5 22. Ng3 Rxe2 23. Bxe2 Be6 24. f4 d5 (24... g6 $11) 25. f5 (25. c5 $1 $14) 25... Bc8 $1 $11 26. Bf3 dxc4 27. Rxd8 Kxd8 28. bxc4 {[%mdl 4096] Endgame KBN-KBN} c5 29. Be4 ({Better is} 29. Bd5 $11) 29... Nd7 (29... Ke7 $1 $15) 30. Bd5 Ke7 ({Black should try} 30... Nf6 $15) 31. Ne4 h5 32. Ng3 Nf6 33. Bf3 g6 34. fxg6 fxg6 35. Ne2 Nd7 36. Nf4 Ne5 37. Be4 Kf6 38. Nd5+ Kf7 39. Nc7 Kf6 40. Nb5 a6 41. Nd6 Be6 42. Bd5 (42. a4 $14) 42... Nd7 {next ...Bxd5 is good for Black.The position is equal.} 43. Ne8+ Ke7 44. Bxe6 Kxe6 45. Nc7+ Kd6 46. Nd5 Ne5 47. Kb3 {Precision: White = 48%, Black = 48%.} 1/2-1/2

[Event "74th ARM-ch Women 2019"]
[Site "Yerevan"]
[Date "2019.01.15"]
[Round "4"]
[White "Mkrtchyan, Mariam"]
[Black "Khachatryan, Anna"]
[Result "1/2-1/2"]
[WhiteElo "2098"]
[BlackElo "2110"]
[Annotator "TA"]
[PlyCount "64"]
[EventDate "2019.01.12"]
[EventType "tourn"]
[EventCountry "ARM"]
[SourceTitle "playchess.com"]
[Source "ChessBase"]
[SourceQuality "1"]

{[%evp 19,64,-5,-6,-30,-22,-38,-12,-24,21,-60,-41,-47,-51,-41,-41,-43,-26,-36,16,-97,-89,-233,-203,-407,-387,-365,-308,-300,-279,-414,-405,-374,-83,-1087,-979,-1086,-1021,-871,-254,-222,0,0,0,0,0,0,0]} 1. d4 Nf6 2. Nf3 g6 3. g3 Bg7 4. Bg2 O-O 5. O-O d6 6. c4 c5 7. Nc3 Nc6 8. d5 Na5 9. Nd2 a6 10. a4 e6 {LiveBook: 4 Games. E66: King's Indian: Fianchetto: 6...c5 7 0-0 Nc6 8 d5} (10... Bf5 11. e4 Bg4 12. Qc2 Qc8 13. b3 e5 14. Bb2 Bd7 15. Nd1 b5 16. axb5 axb5 17. Ne3 b4 18. f4 {0-1 (52) Maghsoodloo,P (2584)-Tukhaev,A (2558) Kocaeli 2017}) 11. e4 exd5 12. cxd5 Rb8 {Black is slightly better.} 13. Rb1 Qc7 14. b4 $146 (14. b3 $11) ({Predecessor:} 14. Qe2 Re8 15. Re1 Bd7 16. Nc4 Nxc4 17. Qxc4 b5 18. axb5 axb5 19. Qb3 {0-1 (57) Kudas,D (2083)-Popiol,M (1859) Krakow 2012}) 14... cxb4 $15 15. Na2 $1 Bg4 16. f3 $1 {[%cal Rf3g4]} Nxd5 17. exd5 b3 $36 {[%mdl 2048] Black is pushing.} 18. Rxb3 Nxb3 ({Better is} 18... Bf5 $15 19. Ne4 Nxb3 20. Qxb3 b5) 19. Qxb3 (19. fxg4 $11 Nc5 20. Kh1) 19... Bd7 $1 $17 20. Ba3 {[#]} (20. Ne4 $17 b5 21. a5) 20... b5 $1 $19 {[%cal Bb7b5,Bb5a4][%mdl 1056] Black has strong compensation.} 21. Ne4 $2 (21. Rc1 bxa4 22. Rxc7 axb3 23. Nb4 Bd4+ 24. Kh1) 21... bxa4 22. Qd1 Qc4 23. Nc1 Rb1 24. Qd2 (24. Kh1 {only move.} Ra1 25. Bxd6) 24... Rc8 25. Kh1 {intending Qg5.} Ra1 $2 (25... Qc2 $19 {has better winning chances.} 26. Qe3 Bb5) 26. Bb2 $2 {[%mdl 8192]} (26. Nxd6 $17 Qc3 27. Qxc3 Rxc3 28. Bb2 {[%mdl 64] Double Attack} Rcxc1 29. Bxc1) 26... Bxb2 27. Qxb2 Rxc1 28. Nf6+ Kf8 $2 (28... Kg7 29. Ne4+ f6) 29. Nxh7+ {[#]} Ke7 $2 (29... Kg8 $1 $19 30. Nf6+ {[%mdl 64] Double Attack} Kh8 31. Nxd7+ Qc3) 30. Qf6+ $11 {The position is equal.} Ke8 31. Qh8+ Ke7 32. Qf6+ Ke8 {Accuracy: White = 33%, Black = 58%.} 1/2-1/2

[Event "74th ARM-ch Women 2019"]
[Site "Yerevan"]
[Date "2019.01.15"]
[Round "4"]
[White "Mkrtchyan, Anahit D."]
[Black "Grigoryan, Arpine"]
[Result "1/2-1/2"]
[WhiteElo "1829"]
[BlackElo "1962"]
[Annotator "NA RC"]
[PlyCount "78"]
[EventDate "2019.01.12"]
[EventType "tourn"]
[EventCountry "ARM"]
[SourceTitle "playchess.com"]
[Source "ChessBase"]
[SourceQuality "1"]
[TimeControl "40/5400+30:1800+30"]

1. d4 {[%emt 0:00:00]} Nf6 {[%emt 0:00:00]} 2. Bf4 {[%emt 0:00:00]} g6 {[%emt 0:05:16]} 3. Nf3 {[%emt 0:00:05]} Bg7 {[%emt 0:00:08]} 4. e3 {[%emt 0:00:14]} O-O {[%emt 0:02:40]} 5. Bd3 {[%emt 0:00:26]} d6 {[%emt 0:02:06]} 6. Nbd2 {[%emt 0:02:35]} c5 {[%emt 0:07:28]} 7. c3 {[%emt 0:00:17]} Nc6 {[%emt 0:02:45]} 8. O-O $15 {[%emt 0:19:49]} e5 {[%emt 0:23:39]} 9. Bg5 {[%emt 0:01:06]} cxd4 {[%emt 0:01:08]} 10. exd4 {[%emt 0:00:27]} exd4 {[%emt 0:00:10]} 11. cxd4 {[%emt 0:04:57]} d5 {[%emt 0:01:12]} 12. Qb3 {[%emt 0:12:16]} Qd6 {[%emt 0:04:40]} 13. Rfe1 {[%emt 0:11:49]} Be6 {[%emt 0:11:54]} 14. Rac1 {[%emt 0:10:07]} Rab8 {[%emt 0:01:51]} 15. Bf1 {[%emt 0:03:29]} Ng4 {[%emt 0:10:57]} 16. h3 {[%emt 0:12:58]} Nxd4 {[%emt 0:00:25]} 17. Qa4 {[%emt 0:00:15]} Nxf3+ {[%emt 0:04:12]} 18. Nxf3 {[%emt 0:00:10]} Ne5 {[%emt 0:00:23]} 19. Bf4 {[%emt 0:04:39]} b5 {[%emt 0:05:02]} 20. Bxb5 {[%emt 0:04:05]} Rxb5 {[%emt 0:01:47]} 21. Bxe5 {[%emt 0:00:17]} Qb6 {[%emt 0:00:05]} 22. Bxg7 {[%emt 0:00:34]} Kxg7 {[%emt 0:00:06]} 23. b3 {[%emt 0:05:57]} Ra5 {[%emt 0:03:15]} 24. Qh4 {[%emt 0:00:59]} Rxa2 {[%emt 0:01:19]} 25. Ng5 {[%emt 0:00:16]} h6 {[%emt 0:00:05]} 26. Nxe6+ {[%emt 0:01:29]} fxe6 {[%emt 0:00:05]} 27. Rf1 {[%emt 0:00:41]} Rf7 {[%emt 0:01:00]} 28. Qg3 {[%emt 0:00:39]} Qd4 {[%emt 0:01:34]} 29. Rc8 {[%emt 0:00:40]} Qf4 {[%emt 0:01:03]} 30. Qc3+ {[%emt 0:01:24]} d4 {[%emt 0:00:05]} 31. Qe1 {[%emt 0:00:13]} d3 {[%emt 0:02:38]} 32. Qc3+ {[%emt 0:01:29]} e5 {[%emt 0:00:08]} 33. Rc7 {[%emt 0:00:53]} d2 {[%emt 0:02:40]} 34. Rxf7+ {[%emt 0:00:06]} Kxf7 {[%emt 0:00:06]} 35. Qc7+ {[%emt 0:00:11]} Kf6 {[%emt 0:01:14]} 36. Qd8+ {[%emt 0:00:09]} Kg7 {[%emt 0:01:09]} 37. Qe7+ {[%emt 0:00:06]} Qf7 {[%emt 0:00:58]} 38. Qxe5+ {[%emt 0:00:04]} Kh7 {[%emt 0:00:02]} 39. Qe3 {[%emt 0:02:23]} Rc2 {[%emt 0:02:59]} 1/2-1/2

[Event "74th ARM-ch Women 2019"]
[Site "Yerevan"]
[Date "2019.01.15"]
[Round "4"]
[White "Hakobyan, Astghik"]
[Black "Gaboyan, Susanna"]
[Result "0-1"]
[WhiteElo "1776"]
[BlackElo "2111"]
[Annotator "TA"]
[PlyCount "126"]
[EventDate "2019.01.12"]
[EventType "tourn"]
[EventCountry "ARM"]
[SourceTitle "playchess.com"]
[Source "ChessBase"]
[SourceQuality "1"]

{[%evp 27,126,0,52,46,70,76,84,70,75,60,69,58,88,73,112,74,87,36,54,45,45,7,48,0,6,6,27,25,28,-8,-8,-10,0,0,0,-8,0,-26,-12,-18,-16,-10,0,-36,-11,-22,0,-43,-34,-34,-40,-39,-47,-108,-100,-110,-96,-164,-132,-122,-108,-143,-135,-140,-125,-143,-127,-130,-130,-227,-153,-165,-130,-131,-133,-147,-135,-154,-107,-98,-94,-93,-37,-74,-74,-82,-82,-206,-246,-213,-205,-225,-148,-283,-270,-252,-270,-298,-295,-1135,-1082]} 1. e4 c5 2. Nf3 Nc6 3. d4 cxd4 4. Nxd4 Nf6 5. Nc3 e5 6. Ndb5 d6 7. Bg5 a6 8. Na3 b5 9. Nd5 Be7 10. Bxf6 Bxf6 11. c4 b4 {B33: Sicilian: Pelikan and Sveshnikov Variations} 12. Nc2 O-O 13. Be2 (13. g3 Bg5 14. Bg2 a5 15. O-O Ne7 16. Nce3 Bxe3 17. Nxe3 Be6 18. Rc1 Nc6 19. Nf5 {1-0 (54) Harikrishna,P (2744)-Yu,Y (2751) Huaian 2017}) 13... Bg5 14. O-O Qa5 {LiveBook: 5 Games} ({Black should play} 14... Rb8 $11) 15. b3 $14 {[%cal Bb2b3,Bb3b4][%mdl 32]} Qc5 16. a3 bxa3 17. b4 Qa7 18. Rxa3 Ne7 {[#]} 19. Nce3 $146 ({Predecessor:} 19. Nde3 Bxe3 20. Rxe3 {0-1 (71) Fedorov,A (2584)-Markos,J (2557) Dresden 2008}) 19... Nxd5 20. Nxd5 Kh8 21. Qa1 Bd8 22. Rg3 (22. c5 $16) 22... f5 23. exf5 Bxf5 24. Ne3 Bg6 25. Nd5 Bh4 26. Re3 Rf7 27. Qc3 Raf8 {[%cal Rf7f2]} 28. Rf3 Rxf3 29. gxf3 Bf5 30. Qe3 Qf7 {next ...Bh3 is good for Black.} 31. Kh1 Be6 32. Qe4 Bg5 {[#] And now ...Bf5 would win.} 33. Ne3 Qh5 34. Ng2 {f4 is the strong threat.} Qh6 35. c5 dxc5 36. bxc5 Bd7 $36 {[%cal Be6d7,Bd7c6,Bc6f3][%mdl 2080] Black is more active.} 37. Qd5 Bc6 38. Qd6 Qxd6 39. cxd6 Bxf3 40. Bxa6 (40. Bxf3 $15 Rxf3 {[#]} 41. Ne3 $1 {[%mdl 512]}) 40... Rd8 $17 41. Re1 Rxd6 42. Bf1 (42. Be2 $17 Bc6 43. Kg1) 42... Bf4 {Threatens to win with ...Rh6.} 43. Be2 Bc6 44. f3 Bd2 45. Rb1 {Intending Rb8+ and mate.} Rd8 46. Kg1 Bc3 47. Kf1 {Strongly threatening Rc1.} Bd4 48. Rc1 (48. Ne1 $17 {was worth a try.}) 48... Bd5 49. Ne1 Rf8 50. Kg2 g5 51. h3 Rb8 52. Bd3 Rb7 53. Be4 Bxe4 54. fxe4 {[%mdl 4096] Endgame KRB-KRN} Be3 (54... Kg7 $17 55. Rc4 Rb2+ 56. Rc2 Rb4) 55. Rc8+ Kg7 56. Nd3 Bd4 57. Kf3 (57. Nc5 $17 {might work better.} Rb2+ 58. Kf3) 57... Rb3 $19 58. Ke2 Kg6 59. Re8 Kh5 60. Re7 (60. Re6 $17) 60... h6 61. Re6 Ra3 62. Rf6 Ra2+ 63. Kf3 $2 (63. Kf1) 63... Rd2 {Accuracy: White = 37%, Black = 51%.} 0-1

[Event "74th ARM-ch Women 2019"]
[Site "Yerevan"]
[Date "2019.01.16"]
[Round "5"]
[White "Ghukasyan, Siranush"]
[Black "Mkrtchyan, Anahit D."]
[Result "1-0"]
[WhiteElo "2226"]
[BlackElo "1829"]
[Annotator "NA"]
[PlyCount "63"]
[EventDate "2019.01.12"]
[EventType "tourn"]
[EventCountry "ARM"]
[SourceTitle "playchess.com"]
[Source "ChessBase"]
[SourceQuality "1"]
[TimeControl "40/5400+30:1800+30"]

1. e4 {[%emt 0:00:48]} c6 {[%emt 0:00:00]} 2. d4 {[%emt 0:00:07]} d5 {[%emt 0:00:00]} 3. Nc3 {[%emt 0:00:04]} dxe4 {[%emt 0:00:00]} 4. Nxe4 {[%emt 0:00:05]} Nd7 {[%emt 0:00:00] LiveBook: 5807 Games} 5. Ng5 {[%emt 0:00:17]} g6 {[%emt 0:00:00] B17: Caro-Kann: Modern Line (4...Nd7)} 6. Bc4 {[%emt 0:01:30]} Nh6 {[%emt 0:00:05]} 7. c3 $146 {[%emt 0:03:15]} ({Predecessor:} 7. N1f3 Nb6 8. Bb3 Bg7 9. O-O O-O 10. h3 a5 11. a4 Nf5 12. c3 Nd5 13. Ne4 {0-1 (61) Movsesian,S (2665)-Adly,A (2589) Tsaghkadzor 2015}) 7... Bg7 {[%emt 0:00:13]} 8. Bxf7+ {[%emt 0:01:25]} Nxf7 {[%emt 0:01:48]} 9. Ne6 {[%emt 0:00:04]} Qa5 {[%emt 0:03:21]} 10. Nxg7+ {[%emt 0:00:17]} Kf8 {[%emt 0:01:49]} 11. Ne6+ {[%emt 0:00:08]} Kg8 {[%emt 0:00:17]} 12. Nf3 {[%emt 0:02:48]} Nf6 {[%emt 0:05:51]} 13. Nf4 {[%emt 0:01:42]} Kg7 {[%emt 0:03:08]} 14. O-O {[%emt 0:00:34]} Bf5 {[%emt 0:01:20]} 15. Re1 {[%emt 0:00:49]} Rhe8 {[%emt 0:00:15]} 16. Ne6+ {[%emt 0:03:03]} Bxe6 {[%emt 0:01:16]} 17. Rxe6 {[%emt 0:00:07]} Rad8 {[%emt 0:01:27]} 18. Qe2 {[%emt 0:02:22]} c5 {[%emt 0:04:32]} 19. dxc5 {[%emt 0:02:10]} Qxc5 {[%emt 0:00:07]} 20. Be3 {[%emt 0:00:50]} Qa5 {[%emt 0:05:57]} 21. Bd4 {[%emt 0:00:44]} Kf8 {[%emt 0:00:25]} 22. Re1 {[%emt 0:12:35]} Nd5 {[%emt 0:03:58]} 23. g3 {[%emt 0:01:08]} b5 $18 {[%emt 0:05:11]} (23... Nc7 $142 24. Rxe7 Qd5) 24. Ne5 {[%emt 0:04:38]} Qc7 {[%emt 0:24:57]} 25. Qf3 {[%emt 0:01:32]} Nf6 {[%emt 0:00:52]} 26. Nxf7 {[%emt 0:00:08]} Kxf7 {[%emt 0:01:35]} 27. Rxf6+ {[%emt 0:00:37]} Kg8 {[%emt 0:01:40]} 28. Rfe6 {[%emt 0:00:43]} b4 {[%emt 0:01:04]} 29. Qe4 {[%emt 0:00:53]} Kf7 {[%emt 0:01:40]} 30. Re3 {[%emt 0:00:12]} Rd6 {[%emt 0:01:36]} 31. Qf4+ {[%emt 0:00:16]} Kg8 {[%emt 0:00:08]} 32. Rxd6 {[%emt 0:00:13]} 1-0

[Event "74th ARM-ch Women 2019"]
[Site "Yerevan"]
[Date "2019.01.16"]
[Round "5"]
[White "Gaboyan, Susanna"]
[Black "Mkrtchyan, Mariam"]
[Result "1-0"]
[WhiteElo "2111"]
[BlackElo "2098"]
[Annotator "NA"]
[PlyCount "91"]
[EventDate "2019.01.12"]
[EventType "tourn"]
[EventCountry "ARM"]
[SourceTitle "playchess.com"]
[Source "ChessBase"]
[SourceQuality "1"]
[TimeControl "40/5400+30:1800+30"]

1. Nf3 {[%emt 0:00:06]} g6 {[%emt 0:00:01]} 2. e4 {[%emt 0:01:27]} Bg7 {[%emt 0:00:11]} 3. d4 {[%emt 0:00:15]} d6 {[%emt 0:00:09]} 4. Nc3 {[%emt 0:00:11]} Nf6 {[%emt 0:02:00]} 5. h3 {[%emt 0:00:20]} O-O {[%emt 0:00:57]} 6. Be2 {[%emt 0:00:38]} c6 {[%emt 0:00:14]} 7. O-O {[%emt 0:00:31]} b5 {[%emt 0:01:50]} 8. e5 {[%emt 0:00:26]} dxe5 {[%emt 0:05:57]} 9. dxe5 {[%emt 0:01:32]} Nfd7 {[%emt 0:02:11]} 10. e6 {[%emt 0:08:23]} fxe6 {[%emt 0:04:11]} 11. Ng5 {[%emt 0:00:41]} Nc5 $14 {[%emt 0:05:37]} 12. Be3 {[%emt 0:01:43]} Nba6 {[%emt 0:03:10]} 13. Qc1 {[%emt 0:08:10]} Qc7 {[%emt 0:09:33]} 14. Bf3 {[%emt 0:06:32]} Bd7 {[%emt 0:04:25]} 15. Re1 {[%emt 0:03:53]} e5 {[%emt 0:05:05]} 16. a4 {[%emt 0:01:50]} b4 {[%emt 0:03:58]} 17. Nce4 {[%emt 0:00:07]} Nxe4 {[%emt 0:06:21]} 18. Bxe4 {[%emt 0:00:08]} Qa5 {[%emt 0:03:13]} 19. Qd1 {[%emt 0:03:44]} Rad8 {[%emt 0:04:29]} 20. Qe2 {[%emt 0:00:09]} Nc7 {[%emt 0:03:22]} 21. Nxh7 {[%emt 0:03:17]} Bf5 {[%emt 0:10:00]} 22. Nxf8 {[%emt 0:15:19]} Bxe4 {[%emt 0:01:42]} 23. Bg5 {[%emt 0:00:27]} Bf5 {[%emt 0:03:31]} 24. g4 {[%emt 0:00:08]} Rxf8 {[%emt 0:01:43]} 25. gxf5 {[%emt 0:00:06]} Rxf5 {[%emt 0:00:22]} 26. Bxe7 {[%emt 0:01:39]} Nd5 {[%emt 0:01:45]} 27. Bh4 {[%emt 0:02:34]} Nf4 {[%emt 0:09:21]} 28. Qc4+ {[%emt 0:03:20]} Kh7 {[%emt 0:01:32]} 29. Bg3 {[%emt 0:00:28]} Nh5 {[%emt 0:01:20]} 30. Qxc6 {[%emt 0:01:58]} e4 {[%emt 0:05:11]} 31. Rxe4 {[%emt 0:03:41]} Nxg3 {[%emt 0:01:16]} 32. fxg3 {[%emt 0:00:07]} Rh5 {[%emt 0:00:39]} 33. Rg4 {[%emt 0:03:35]} Rh6 {[%emt 0:00:04]} 34. Re1 {[%emt 0:02:14]} Qf5 {[%emt 0:00:35]} 35. Qe4 {[%emt 0:00:35]} Qc5+ {[%emt 0:00:31]} 36. Kg2 {[%emt 0:00:06]} a5 {[%emt 0:00:04]} 37. h4 {[%emt 0:00:14]} Qd6 {[%emt 0:01:09]} 38. Rg5 {[%emt 0:01:23]} Bf6 {[%emt 0:00:39]} 39. Rd5 {[%emt 0:02:58]} Qc7 {[%emt 0:00:14]} 40. Red1 {[%emt 0:00:00]} Bg7 {[%emt 0:00:00]} 41. h5 {[%emt 0:02:39]} Qc6 {[%emt 0:03:38]} 42. hxg6+ {[%emt 0:01:08]} Rxg6 {[%emt 0:00:13]} 43. Rh5+ {[%emt 0:00:26]} Kg8 {[%emt 0:00:06]} 44. Rd8+ {[%emt 0:00:06]} Kf7 {[%emt 0:00:25]} 45. Rf5+ {[%emt 0:00:05]} Rf6 {[%emt 0:00:21]} 46. Rxf6+ {[%emt 0:00:10]} 1-0

[Event "74th ARM-ch Women 2019"]
[Site "Yerevan"]
[Date "2019.01.16"]
[Round "5"]
[White "Avetisyan, Mariam"]
[Black "Gevorgyan, Maria"]
[Result "0-1"]
[WhiteElo "2106"]
[BlackElo "2228"]
[Annotator "NA"]
[PlyCount "78"]
[EventDate "2019.01.12"]
[EventType "tourn"]
[EventCountry "ARM"]
[SourceTitle "playchess.com"]
[Source "ChessBase"]
[SourceQuality "1"]
[TimeControl "40/5400+30:1800+30"]

1. e4 {[%emt 0:00:00]} c5 {[%emt 0:02:36]} 2. Nf3 {[%emt 0:00:00]} Nc6 {[%emt 0:00:06]} 3. Bb5 {[%emt 0:00:00]} g6 {[%emt 0:00:18]} 4. Bxc6 {[%emt 0:00:03]} dxc6 {[%emt 0:00:17]} 5. d3 {[%emt 0:00:21]} Bg7 {[%emt 0:00:07]} 6. h3 {[%emt 0:00:06]} Nf6 {[%emt 0:00:06]} 7. Nc3 {[%emt 0:00:30]} Nd7 {[%emt 0:00:07]} 8. Be3 {[%emt 0:00:41]} e5 {[%emt 0:00:07]} 9. Qd2 {[%emt 0:00:27]} h6 {[%emt 0:00:06]} 10. O-O {[%emt 0:01:01]} b6 {[%emt 0:00:07]} 11. a4 {[%emt 0:01:21]} a5 {[%emt 0:01:08]} 12. Nh2 {[%emt 0:01:02]} Nf8 {[%emt 0:00:58]} 13. f4 {[%emt 0:01:52]} exf4 {[%emt 0:01:14]} 14. Bxf4 {[%emt 0:00:10]} Ne6 {[%emt 0:00:05]} 15. Bg3 {[%emt 0:04:37]} Qg5 {[%emt 0:06:37]} 16. Qe1 {[%emt 0:12:38]} Nd4 {[%emt 0:00:22]} 17. Rc1 {[%emt 0:05:41]} O-O {[%emt 0:11:43]} 18. e5 $11 {[%emt 0:16:11]} Kh8 {[%emt 0:39:10]} 19. Kh1 {[%emt 0:05:26]} Nf5 {[%emt 0:05:38]} 20. Bf4 {[%emt 0:04:34]} Qe7 {[%emt 0:00:05]} 21. Nf3 {[%emt 0:04:34]} g5 {[%emt 0:08:48]} 22. Bh2 {[%emt 0:07:25]} f6 {[%emt 0:07:51]} 23. Qe4 {[%emt 0:10:39]} fxe5 {[%emt 0:03:09]} 24. Nxe5 {[%emt 0:00:07]} Qe6 {[%emt 0:01:19]} 25. g4 {[%emt 0:07:08]} Ne7 {[%emt 0:00:26]} 26. Rxf8+ {[%emt 0:01:02]} Bxf8 {[%emt 0:00:01]} 27. Rf1 {[%emt 0:01:50]} Bg7 {[%emt 0:00:40]} 28. Rf7 {[%emt 0:07:41]} Kg8 {[%emt 0:00:20]} 29. Nd1 {[%emt 0:06:00]} Ng6 {[%emt 0:02:58]} 30. Rf5 {[%emt 0:00:51]} Nxe5 {[%emt 0:04:40]} 31. Bxe5 {[%emt 0:00:03]} Qe8 {[%emt 0:00:07]} 32. Bxg7 {[%emt 0:01:14]} Qxe4+ {[%emt 0:00:01]} 33. dxe4 {[%emt 0:00:05]} Bxf5 {[%emt 0:00:03]} 34. gxf5 {[%emt 0:00:45]} Kxg7 {[%emt 0:00:02]} 35. Nc3 {[%emt 0:00:52]} Kf6 {[%emt 0:00:25]} 36. Kg2 {[%emt 0:00:25]} Rd8 {[%emt 0:00:06]} 37. Nb1 {[%emt 0:00:30]} Rd1 {[%emt 0:01:42]} 38. Na3 {[%emt 0:00:04]} Rd4 {[%emt 0:00:39]} 39. Kf3 {[%emt 0:00:49]} Rxa4 {[%emt 0:00:06]} 0-1